00462nam a22001577a 450000500170000000800410001702000140005804100130007208200140008510000310009924500620013025000190019226000350021130000320024665000260027820231107063934.0231107b |||||||| |||| 00| 0 eng d a070215590 aEnglish  a346.5 HON aCameron, E et al.lEnglish aHonore's South African Law of Trusts /cE Cameron et al.  aFifth Edition  aCape Town : bJuta Law, c2002 bxciv, 733 pages ; c27 cm.  aLegal practice bLaw